[Event "Rated Blitz game"]
[Site "?"]
[Date "2021.11.17"]
[Round "?"]
[White "khallivalli"]
[Black "Tristan2020"]
[Result "1-0"]
[WhiteElo "2409"]
[BlackElo "2373"]
[PlyCount "37"]
[EventDate "2021.??.??"]
[EventType "blitz"]

1. e4 e5 2. Nf3 d5 3. exd5 e4 4. Qe2 Nf6 5. d3 Qxd5 6. Nbd2 Be6 7. Nxe4 Nc6 8.
Nxf6+ gxf6 9. g3 O-O-O 10. Bg2 h5 11. Be3 Qa5+ 12. Qd2 Bb4 13. c3 Bd6 14. a4
Ne5 15. Nxe5 fxe5 16. b4 Qa6 17. c4 c6 18. b5 cxb5 19. cxb5 {Normal} 1-0

[Event "Rated Blitz game"]
[Site "?"]
[Date "2021.11.17"]
[Round "?"]
[White "Rekcirts"]
[Black "Futuregm03pro"]
[Result "0-1"]
[WhiteElo "2584"]
[BlackElo "2681"]
[PlyCount "36"]
[EventDate "2021.??.??"]
[EventType "blitz"]

1. e4 e5 2. Nf3 d5 3. Nxe5 Bd6 4. d4 dxe4 5. Nc3 Bxe5 6. dxe5 Qxd1+ 7. Nxd1 Nc6
8. Bf4 Nge7 9. Bb5 Bd7 10. Nc3 Ng6 11. Bxc6 Bxc6 12. Bg3 O-O-O 13. O-O Rd2 14.
Rac1 e3 15. Rfe1 exf2+ 16. Bxf2 Nf4 17. Ne4 Bxe4 18. Rxe4 Ne2+ {Normal} 0-1

[Event "Rated Blitz game"]
[Site "?"]
[Date "2021.11.17"]
[Round "?"]
[White "DrCleverstein"]
[Black "Roberto_Baggio1978"]
[Result "1-0"]
[WhiteElo "2540"]
[BlackElo "2620"]
[PlyCount "91"]
[EventDate "2021.??.??"]
[EventType "blitz"]

1. e4 e5 2. Nf3 d5 3. Nxe5 Bd6 4. d4 dxe4 5. Nc4 Nf6 6. Nxd6+ Qxd6 7. Be2 O-O
8. Be3 Nc6 9. c4 Ne7 10. Nc3 Nf5 11. Qd2 a6 12. O-O-O b5 13. c5 Qe7 14. Bg5 h6
15. Nd5 Qe6 16. Nxf6+ gxf6 17. Bxh6 Qxa2 18. Bxf8 Kxf8 19. g4 Ne7 20. d5 b4 21.
Qxb4 Nxd5 22. Qa3 Qxa3 23. bxa3 Nc3 24. Rd2 Rb8 25. Kc2 Nxe2 26. Rxe2 Bxg4 27.
Re3 f5 28. Rb1 Rxb1 29. Kxb1 f4 30. Rb3 e3 31. fxe3 f3 32. Rb2 Bf5+ 33. Kc1 Ke7
34. Rf2 Be4 35. Kd2 Ke6 36. Kc3 Kd5 37. c6 f5 38. h4 Ke6 39. Kd4 Bxc6 40. Rc2
Be4 41. Rf2 Kf6 42. Rh2 Kg6 43. Ke5 Kh5 44. Kf4 c5 45. Rd2 Kxh4 46. Rh2# {
Normal} 1-0

[Event "Rated Blitz game"]
[Site "?"]
[Date "2021.11.17"]
[Round "?"]
[White "naitbfour"]
[Black "Nepsuliini"]
[Result "1-0"]
[WhiteElo "2361"]
[BlackElo "2418"]
[PlyCount "106"]
[EventDate "2021.??.??"]
[EventType "blitz"]

1. e4 e5 2. Nf3 d5 3. exd5 Bd6 4. c4 Nf6 5. Nc3 c6 6. dxc6 Nxc6 7. d3 O-O 8.
Bg5 h6 9. Bxf6 Qxf6 10. Ne4 Qe7 11. a3 f5 12. Nxd6 Qxd6 13. Be2 g5 14. Nd2 Nd4
15. Nb3 b6 16. Bf3 Nxf3+ 17. Qxf3 Rb8 18. O-O-O Bb7 19. Qh5 Kg7 20. h4 g4 21.
f3 Qg6 22. Qxg6+ Kxg6 23. Rhe1 gxf3 24. gxf3 Bxf3 25. Rd2 Rbe8 26. Rf2 Bg4 27.
Nd2 Kh5 28. Rh1 Rd8 29. Kc2 Rd4 30. Nb3 Rf4 31. Rxf4 exf4 32. Nd2 f3 33. d4 f2
34. Rh2 Re8 35. Rxf2 Kxh4 36. Rh2+ Kg5 37. d5 h5 38. Kd3 h4 39. b4 h3 40. c5
Kh4 41. d6 bxc5 42. bxc5 f4 43. Kd4 f3 44. c6 Re2 45. Nxf3+ Bxf3 46. Rxe2 Bxe2
47. d7 h2 48. d8=Q+ Kg3 49. Qg5+ Bg4 50. Qe3+ Bf3 51. Qe1+ Kg2 52. c7 h1=Q 53.
Qxh1+ Kxh1 {Normal} 1-0

[Event "Rated Blitz game"]
[Site "?"]
[Date "2021.11.17"]
[Round "?"]
[White "Panis1975"]
[Black "TyphoonRex"]
[Result "1-0"]
[WhiteElo "2430"]
[BlackElo "2338"]
[PlyCount "31"]
[EventDate "2021.??.??"]
[EventType "blitz"]

1. e4 e5 2. Nf3 d5 3. exd5 e4 4. Qe2 Nf6 5. Qb5+ Bd7 6. Qxb7 exf3 7. Qxa8 Bg4
8. Nc3 Qe7+ 9. Be2 fxg2 10. Qxb8+ Kd7 11. Qb5+ Kc8 12. Rg1 Bh3 13. d4 Ne4 14.
Qd3 Nxc3 15. Qxh3+ Kb8 16. bxc3 {Normal} 1-0

[Event "Rated Blitz game"]
[Site "?"]
[Date "2021.11.17"]
[Round "?"]
[White "jaci3"]
[Black "Bakiuzumaki"]
[Result "1-0"]
[WhiteElo "2411"]
[BlackElo "2326"]
[PlyCount "43"]
[EventDate "2021.??.??"]
[EventType "blitz"]

1. e4 e5 2. Nf3 d5 3. exd5 e4 4. Nd4 Qxd5 5. Nb3 Nf6 6. Nc3 Qe5 7. Be2 Nc6 8.
O-O Bd6 9. g3 h5 10. d4 exd3 11. Bxd3 Be6 12. Bf4 Qxf4 13. gxf4 Bxf4 14. Ne4
O-O-O 15. Nbc5 Bh3 16. Nxf6 gxf6 17. Qf3 Rhg8+ 18. Kh1 Bxf1 19. Rxf1 Be5 20.
Ba6 Rd6 21. Bxb7+ Kb8 22. Bxc6 {Normal} 1-0

[Event "Titled Tuesday 16th Nov"]
[Site "chess.com INT"]
[Date "2021.11.16"]
[Round "5"]
[White "Gottstein, C."]
[Black "Christensen, Thom2"]
[Result "1/2-1/2"]
[WhiteElo "2113"]
[BlackElo "2154"]
[PlyCount "110"]
[EventDate "2021.11.16"]
[EventType "swiss (blitz)"]
[EventRounds "11"]
[SourceTitle "The Week in Chess 1411"]
[Source "Mark Crowther"]
[SourceDate "2021.11.22"]
[SourceVersion "2"]
[SourceVersionDate "2021.11.24"]
[SourceQuality "2"]

1. e4 e5 2. Nf3 d5 3. Nxe5 Bd6 4. d4 dxe4 5. Bc4 Bxe5 6. Qh5 Qe7 7. Qxe5 Qxe5
8. dxe5 Nc6 9. Bb5 Nge7 10. Nc3 Bf5 11. Bf4 O-O-O 12. Bxc6 Nxc6 13. Rd1 Rhe8
14. Rxd8+ Kxd8 15. Ke2 Nxe5 16. Rd1+ Kc8 17. Bxe5 Rxe5 18. Rd4 Bg6 19. Ke3 f5
20. g3 c6 21. Kf4 Re7 22. Nd1 Rd7 23. Rxd7 Kxd7 24. Ke5 h6 25. Ne3 Bf7 26. Nxf5
Bxa2 27. Nxg7 Bb1 28. c3 a5 29. h4 b5 30. h5 Kc7 31. g4 Kb6 32. g5 hxg5 33. h6
e3 34. fxe3 Bh7 35. Ne6 g4 36. Kf4 c5 37. Ng5 Bg8 38. h7 Bxh7 39. Nxh7 a4 40.
Kxg4 b4 41. cxb4 cxb4 42. Nf6 Kc5 43. Ne4+ Kc4 44. Nd2+ Kd3 45. e4 Kxd2 46. e5
a3 47. bxa3 bxa3 48. e6 a2 49. e7 a1=Q 50. e8=Q Qg1+ 51. Kf5 Qf1+ 52. Kg6 Qd3+
53. Kf7 Kc3 54. Qe5+ Qd4 55. Qxd4+ Kxd4 1/2-1/2

[Event "Titled Tuesday 16th Nov"]
[Site "chess.com INT"]
[Date "2021.11.16"]
[Round "3"]
[White "Przybylski, W."]
[Black "Moskvin, Anatoly"]
[Result "1/2-1/2"]
[WhiteElo "2321"]
[BlackElo "2201"]
[PlyCount "167"]
[EventDate "2021.11.16"]
[EventType "swiss (blitz)"]
[EventRounds "11"]
[SourceTitle "The Week in Chess 1411"]
[Source "Mark Crowther"]
[SourceDate "2021.11.22"]
[SourceVersion "2"]
[SourceVersionDate "2021.11.24"]
[SourceQuality "2"]

1. e4 e5 2. Nf3 d5 3. Nxe5 dxe4 4. Bc4 Qd4 5. Bxf7+ Kd8 6. Bxg8 Qxe5 7. Bc4 Bc5
8. Nc3 Bxf2+ 9. Kxf2 Qd4+ 10. Ke1 Qxc4 11. Qe2 Qxe2+ 12. Nxe2 Nc6 13. b3 Nb4
14. Kd1 Bg4 15. Re1 Rf8 16. Ba3 c5 17. Bxb4 cxb4 18. h3 Bh5 19. g4 Bg6 20. Nd4
Kd7 21. Ke2 Kd6 22. Rf1 Ke5 23. Ke3 Rac8 24. Rxf8 Rxf8 25. a3 bxa3 26. Rxa3 a6
27. Ra5+ Kd6 28. c4 Rf1 29. Rd5+ Ke7 30. h4 Re1+ 31. Kf4 Rf1+ 32. Ke5 Bf7 33.
Rc5 Kd7 34. Kxe4 Bg6+ 35. Ke3 Re1+ 36. Kf3 Be4+ 37. Kf4 Bh1 38. Re5 Rf1+ 39.
Kg3 Kd6 40. Re3 Kc5 41. Ne6+ Kb4 42. Nxg7 a5 43. Ne6 Bc6 44. Nd4 Rg1+ 45. Kf2
Rg2+ 46. Ke1 Rxg4 47. Nc2+ Kc5 48. d4+ Kd6 49. Rh3 Re4+ 50. Kd2 a4 51. bxa4
Bxa4 52. Kd3 Bxc2+ 53. Kxc2 Rxd4 54. Kc3 Kc5 55. h5 Rxc4+ 56. Kb3 b5 57. Rf3
Rh4 58. Rf5+ Kb6 59. Re5 Ka5 60. Rf5 Rh3+ 61. Kb2 Ka4 62. Rf7 Rxh5 63. Ra7+ Kb4
64. Rf7 Rh2+ 65. Kb1 Ka4 66. Rf3 b4 67. Re3 b3 68. Re7 h5 69. Rh7 h4 70. Rg7 h3
71. Ra7+ Kb4 72. Rb7+ Kc3 73. Rc7+ Kd4 74. Rd7+ Ke4 75. Rc7 Re2 76. Rc4+ Kf3
77. Rh4 Kg3 78. Rc4 Re3 79. Rc3 h2 80. Rxe3+ Kg2 81. Re2+ Kg1 82. Rxh2 Kxh2 83.
Kb2 Kg3 84. Kxb3 1/2-1/2

[Event "Titled Tuesday 16th Nov"]
[Site "chess.com INT"]
[Date "2021.11.16"]
[Round "3"]
[White "Chizhikov, V."]
[Black "Muradov, Soltan"]
[Result "1-0"]
[WhiteElo "2279"]
[BlackElo "2233"]
[PlyCount "55"]
[EventDate "2021.11.16"]
[EventType "swiss (blitz)"]
[EventRounds "11"]
[SourceTitle "The Week in Chess 1411"]
[Source "Mark Crowther"]
[SourceDate "2021.11.22"]
[SourceVersion "2"]
[SourceVersionDate "2021.11.24"]
[SourceQuality "2"]

1. e4 e5 2. Nf3 d5 3. exd5 e4 4. Qe2 Nf6 5. d3 Qxd5 6. Nbd2 Bf5 7. dxe4 Bxe4 8.
Ng5 Qxg5 9. Nxe4 Qe5 10. Nxf6+ gxf6 11. Bf4 Qxe2+ 12. Bxe2 Nd7 13. O-O-O O-O-O
14. Bg4 h5 15. Bf5 Bh6 16. Bxh6 Rxh6 17. Rxd7 Rxd7 18. Rd1 b6 19. Rxd7 Kb7 20.
Rxf7 h4 21. h3 Rh8 22. Rxf6 Rg8 23. Rf7 Rg5 24. Be4+ Ka6 25. b4 Re5 26. Bf3 Kb5
27. a3 Kc4 28. Kb2 1-0

[Event "Rated Blitz game"]
[Site "?"]
[Date "2021.11.16"]
[Round "?"]
[White "Ralumon"]
[Black "Fletov"]
[Result "0-1"]
[WhiteElo "2463"]
[BlackElo "2370"]
[PlyCount "44"]
[EventDate "2021.??.??"]
[EventType "blitz"]

1. e4 e5 2. Nf3 d5 3. Nxe5 Bd6 4. d4 dxe4 5. Nc4 Be7 6. Nc3 Nf6 7. f3 exf3 8.
Qxf3 O-O 9. Be3 Nc6 10. Bd3 Nxd4 11. Qg3 Nf5 12. Qf3 Nxe3 13. Nxe3 Bb4 14. O-O
Qd4 15. Kh1 Re8 16. Ncd5 Be7 17. Nxc7 Be6 18. Nxa8 Rxa8 19. Qxb7 Re8 20. Nf5
Qc5 21. Nxe7+ Rxe7 22. Rae1 Rxb7 {Normal} 0-1

[Event "Rated Blitz game"]
[Site "?"]
[Date "2021.11.16"]
[Round "?"]
[White "konrad149"]
[Black "Kein130"]
[Result "0-1"]
[WhiteElo "2324"]
[BlackElo "2475"]
[PlyCount "108"]
[EventDate "2021.??.??"]
[EventType "blitz"]

1. e4 e5 2. Nf3 d5 3. exd5 e4 4. Qe2 Nf6 5. Nc3 Bb4 6. Nxe4 O-O 7. Nxf6+ Qxf6
8. Qc4 Bd6 9. Be2 Nd7 10. O-O Nb6 11. Qd4 Qxd4 12. Nxd4 Nxd5 13. Bf3 c6 14.
Bxd5 cxd5 15. d3 Re8 16. Be3 Bd7 17. Rfe1 a6 18. c3 b5 19. Nb3 Rac8 20. h3 Bf5
21. Rad1 b4 22. c4 Be6 23. c5 Be5 24. d4 Bc7 25. Bd2 a5 26. a3 a4 27. Nc1 b3
28. Nd3 Bd8 29. Bf4 Bf6 30. Be5 Bf5 31. Nb4 Bxe5 32. dxe5 Rxc5 33. Nxd5 Rcc8
34. Nc3 Rxc3 35. bxc3 b2 36. g4 Bc2 37. e6 fxe6 38. Rf1 Rb8 39. Rb1 Bxb1 40.
Rxb1 Rb3 41. Kf1 Rxc3 42. Rxb2 Rxh3 43. Ke2 Rxa3 44. Rb4 Ra2+ 45. Ke3 a3 46.
Rb8+ Kf7 47. Ra8 Ra1 48. Kf4 a2 49. f3 e5+ 50. Kf5 g6+ 51. Kg5 h6+ 52. Kxh6
Rh1+ 53. Kg5 a1=Q 54. Rxa1 Rxa1 {Time forfeit} 0-1

[Event "Rated Blitz game"]
[Site "?"]
[Date "2021.11.16"]
[Round "?"]
[White "lifetimeGOOD8"]
[Black "RCompany_1"]
[Result "1-0"]
[WhiteElo "2416"]
[BlackElo "2406"]
[PlyCount "69"]
[EventDate "2021.??.??"]
[EventType "blitz"]

1. e4 e5 2. Nf3 d5 3. exd5 Nf6 4. Nxe5 Bd6 5. d4 O-O 6. Be2 Nbd7 7. Nxd7 Bxd7
8. c4 Re8 9. Bg5 Qe7 10. Nc3 Bb4 11. f3 Bf5 12. Kf2 Bxc3 13. bxc3 h6 14. Bd2
Qd6 15. g3 g5 16. Re1 Re7 17. Qb3 Rae8 18. Bf1 b6 19. a4 Kg7 20. Rxe7 Rxe7 21.
Re1 Kg6 22. Rxe7 Qxe7 23. Qb4 Qd7 24. a5 h5 25. axb6 axb6 26. Qf8 Qa4 27. Qe7
Qc2 28. Qe2 g4 29. Bg2 gxf3 30. Bxf3 Bd3 31. Qe3 Ng4+ 32. Bxg4 hxg4 33. Qh6+
Kf5 34. Qg5+ Ke4 35. Qe5# {Normal} 1-0

[Event "Rated Blitz tournament ZkxPXpJS"]
[Site "?"]
[Date "2021.11.16"]
[Round "?"]
[White "daaleksandrov"]
[Black "vovaches"]
[Result "0-1"]
[WhiteElo "2375"]
[BlackElo "2506"]
[PlyCount "106"]
[EventDate "2021.??.??"]
[EventType "blitz"]

1. e4 e5 2. Nf3 d5 3. exd5 e4 4. Ne5 Qxd5 5. d4 exd3 6. Nxd3 Nf6 7. Nc3 Qf5 8.
Be2 Bd6 9. O-O O-O 10. Bf3 Nc6 11. Re1 Be6 12. h3 Ne5 13. Nxe5 Bxe5 14. g4 Nxg4
15. hxg4 Qf6 16. Ne4 Qh4 17. Bg5 Qh2+ 18. Kf1 Bc4+ 19. Re2 f6 20. Be3 Rad8 21.
Qe1 f5 22. gxf5 Rxf5 23. Bg2 Rdf8 24. Rd1 Bg3 25. Qb4 Bxe2+ 26. Kxe2 Qh5+ 27.
f3 Rxf3 28. Bxf3 Qxf3+ 29. Kd2 Bf4 30. Qc4+ Kh8 31. Qd4 Bxe3+ 32. Qxe3 Rd8+ 33.
Qd3 Rxd3+ 34. cxd3 h5 35. Re1 h4 36. Re3 Qf4 37. Ke2 g5 38. Nf2 g4 39. Re8+ Kg7
40. Re7+ Kf8 41. Re4 Qf3+ 42. Kd2 Qxf2+ 43. Re2 Qf4+ 44. Kc3 g3 45. Re4 Qxe4
46. dxe4 g2 47. e5 g1=Q 48. e6 Ke7 49. Kd3 Qb6 50. Ke4 Qd6 51. Kf5 Qxe6+ 52.
Kg5 h3 53. Kh4 Qg6 {Time forfeit} 0-1

[Event "Rated Blitz game"]
[Site "?"]
[Date "2021.11.16"]
[Round "?"]
[White "kintoho"]
[Black "RCompany_1"]
[Result "1-0"]
[WhiteElo "2609"]
[BlackElo "2443"]
[PlyCount "91"]
[EventDate "2021.??.??"]
[EventType "blitz"]

1. e4 e5 2. Nf3 d5 3. d4 dxe4 4. Nxe5 Bd6 5. Nc3 Bxe5 6. dxe5 Qxd1+ 7. Kxd1 Nc6
8. Bb5 Bg4+ 9. Ke1 O-O-O 10. Bxc6 bxc6 11. h3 Bh5 12. Be3 f5 13. Bxa7 Ne7 14.
Bc5 Ng6 15. e6 Rhe8 16. g4 fxg4 17. hxg4 Bxg4 18. Rxh7 Bf3 19. Ne2 Rh8 20. Rxh8
Rxh8 21. Kd2 Re8 22. Rg1 Rxe6 23. Nd4 Rf6 24. Nxf3 exf3 25. Bd4 Rd6 26. Kc3 Nf4
27. Rd1 Ne2+ 28. Kc4 g5 29. c3 g4 30. Rh1 Nxd4 31. cxd4 Re6 32. Rg1 Re2 33.
Rxg4 Rxf2 34. Kc3 Kb7 35. Rf4 Kb6 36. Rf5 Rf1 37. a4 Ra1 38. b3 Rf1 39. Kb4 f2
40. a5+ Kb7 41. Rf6 Ka7 42. Rf7 Kb7 43. Rf3 Ka7 44. Rf6 Kb7 45. Rf7 Kb8 46. a6
{Time forfeit} 1-0

[Event "Rated Blitz game"]
[Site "?"]
[Date "2021.11.16"]
[Round "?"]
[White "OTourinho"]
[Black "Fletov"]
[Result "1-0"]
[WhiteElo "2413"]
[BlackElo "2396"]
[PlyCount "55"]
[EventDate "2021.??.??"]
[EventType "blitz"]

1. e4 e5 2. Nf3 d5 3. exd5 e4 4. Qe2 Nf6 5. Nc3 Bf5 6. Qb5+ Nbd7 7. Nd4 Bg4 8.
Qxb7 Bd6 9. Nc6 Qc8 10. Qxc8+ Rxc8 11. Nxa7 Ra8 12. Nab5 Be5 13. Be2 Bf5 14.
O-O O-O 15. a4 Rfc8 16. b4 Nb6 17. a5 Nbxd5 18. Nxd5 Nxd5 19. Rb1 c6 20. Na3
Nf4 21. Re1 c5 22. Nc4 Bf6 23. Nb6 cxb4 24. Bb2 Rxa5 25. Nxc8 Bxc8 26. Bxf6
gxf6 27. Bc4 Bg4 28. Rxe4 {Normal} 1-0

[Event "Rated Blitz game"]
[Site "?"]
[Date "2021.11.16"]
[Round "?"]
[White "kepoy_pelias"]
[Black "Barruch"]
[Result "1/2-1/2"]
[WhiteElo "2359"]
[BlackElo "2432"]
[PlyCount "85"]
[EventDate "2021.??.??"]
[EventType "blitz"]

1. e4 e5 2. Nf3 d5 3. d3 dxe4 4. dxe4 Qxd1+ 5. Kxd1 f6 6. c3 Be6 7. Kc2 Nd7 8.
Be3 a6 9. Nbd2 O-O-O 10. Bc4 Bxc4 11. Nxc4 Ne7 12. Rad1 Nc6 13. a4 Bc5 14. b4
Bxe3 15. Nxe3 Ne7 16. a5 Nb8 17. Nd5 Nxd5 18. exd5 g5 19. h3 h5 20. c4 Nd7 21.
Rhe1 Nf8 22. Nd2 Ng6 23. Ne4 Rhf8 24. Nc5 Rf7 25. Ne6 Rdd7 26. g3 Nf8 27. Nc5
Rd6 28. Ne4 Rd8 29. d6 c6 30. Nc5 Nd7 31. Re3 Nxc5 32. bxc5 Kd7 33. Rb3 Ke6 34.
Rdb1 Rdd7 35. Kd3 f5 36. f3 f4 37. g4 hxg4 38. hxg4 Rh7 39. Ke4 Rdf7 40. R1b2
Rd7 41. Rb1 Rdf7 42. R1b2 Rd7 43. Rb1 {Normal} 1/2-1/2

[Event "Rated Blitz game"]
[Site "?"]
[Date "2021.11.16"]
[Round "?"]
[White "niwt_tnegrevid"]
[Black "DOOGE228"]
[Result "1-0"]
[WhiteElo "2506"]
[BlackElo "2448"]
[PlyCount "45"]
[EventDate "2021.??.??"]
[EventType "blitz"]

1. e4 e5 2. Nf3 d5 3. Nxe5 Bd6 4. d4 dxe4 5. Bc4 Bxe5 6. Qh5 Qe7 7. Qxe5 Qxe5
8. dxe5 Ne7 9. Nc3 O-O 10. Bf4 Ng6 11. Bg3 h5 12. h4 Nc6 13. O-O-O Ncxe5 14.
Bb3 Bf5 15. Rhe1 Rfe8 16. Nxe4 Bxe4 17. Rxe4 Kf8 18. Ba4 c6 19. Rde1 f6 20. Bb3
Rad8 21. a4 a5 22. f3 Nd7 23. Bd6+ {Normal} 1-0

[Event "Rated Blitz game"]
[Site "?"]
[Date "2021.11.16"]
[Round "?"]
[White "EddieMarsalla"]
[Black "Futuregm03pro"]
[Result "0-1"]
[WhiteElo "2576"]
[BlackElo "2707"]
[PlyCount "34"]
[EventDate "2021.??.??"]
[EventType "blitz"]

1. e4 e5 2. Nf3 d5 3. exd5 e4 4. Nd4 Nf6 5. c4 Ng4 6. h3 Nxf2 7. Kxf2 Bc5 8. d3
Bxd4+ 9. Ke2 Qf6 10. Qe1 O-O 11. dxe4 Re8 12. Nd2 Nd7 13. Kd3 Bxb2 14. Bxb2
Qxb2 15. Qc1 Nc5+ 16. Ke3 Qe5 17. Qc2 Qxa1 {Normal} 0-1

[Event "Rated Blitz game"]
[Site "?"]
[Date "2021.11.16"]
[Round "?"]
[White "L0uIEkOv"]
[Black "Futuregm03pro"]
[Result "0-1"]
[WhiteElo "2554"]
[BlackElo "2717"]
[PlyCount "70"]
[EventDate "2021.??.??"]
[EventType "blitz"]

1. e4 e5 2. Nf3 d5 3. Nxe5 Bd6 4. d4 dxe4 5. Nc4 Nf6 6. Nc3 O-O 7. Bg5 Be7 8.
Qd2 Nbd7 9. O-O-O Re8 10. Ne3 Nb6 11. d5 Ng4 12. Bxe7 Qxe7 13. h3 Nxe3 14. Qxe3
Bf5 15. Bb5 Red8 16. g4 Bg6 17. h4 a6 18. Bf1 h6 19. g5 h5 20. Bg2 Re8 21. d6
Qe5 22. Rhe1 Nc4 23. Qd4 Qf4+ 24. Kb1 Nxd6 25. Nd5 Qg4 26. Nxc7 Nf5 27. Qd7
Red8 28. Qxd8+ Rxd8 29. Rxd8+ Kh7 30. Bxe4 Qxh4 31. Bxf5 Bxf5 32. Ne8 Qxf2 33.
Rc1 Qf4 34. g6+ Bxg6 35. Nd6 Qxc1+ {Time forfeit} 0-1

[Event "Rated Blitz game"]
[Site "?"]
[Date "2021.11.16"]
[Round "?"]
[White "Wisserke"]
[Black "Bakiuzumaki"]
[Result "0-1"]
[WhiteElo "2445"]
[BlackElo "2297"]
[PlyCount "70"]
[EventDate "2021.??.??"]
[EventType "blitz"]

1. e4 e5 2. Nf3 d5 3. Nxe5 Bd6 4. d4 dxe4 5. Bf4 Nf6 6. Nc3 O-O 7. Bc4 a6 8. a3
Bf5 9. O-O Qd7 10. Re1 Qe8 11. Bb3 Nc6 12. Nxc6 Bxf4 13. Nb4 c6 14. Nba2 Qb8
15. g3 Bc7 16. Nc1 Bb6 17. Na4 Ba7 18. c3 Rd8 19. Qe2 Qd6 20. Qe3 h6 21. Ne2 g5
22. c4 Ng4 23. Qd2 Re8 24. c5 Qg6 25. Nec3 Qh5 26. f4 e3 27. Qg2 Rad8 28. fxg5
Rxd4 29. Rad1 Red8 30. Rxd4 Rxd4 31. Nb6 Rd2 32. Re2 Nf2 33. Rxd2 Nh3+ 34. Qxh3
Bxh3 35. Re2 Qf3 {Normal} 0-1

[Event "Rated Blitz tournament nDuRu4Ej"]
[Site "?"]
[Date "2021.11.16"]
[Round "?"]
[White "yogidwihp"]
[Black "Bis_Kecil_BKD"]
[Result "1/2-1/2"]
[WhiteElo "2225"]
[BlackElo "2442"]
[PlyCount "116"]
[EventDate "2021.??.??"]
[EventType "blitz"]

1. e4 e5 2. Nf3 d5 3. Nxe5 dxe4 4. d4 Nd7 5. Nxd7 Bxd7 6. Bc4 Nf6 7. Nc3 Bd6 8.
Qe2 Qe7 9. Bg5 O-O-O 10. Nd5 Qf8 11. Nxf6 gxf6 12. Bxf6 Rg8 13. Bxd8 Qxd8 14.
O-O-O Rxg2 15. Qxe4 Rg7 16. Rhg1 Rg6 17. Bxf7 Rf6 18. Bb3 Rf8 19. Qxh7 a5 20.
Rg8 a4 21. Rxf8 Qxf8 22. Bd5 c6 23. Bf7 Kc7 24. Rg1 Qe7 25. Bg6 Qf6 26. Bd3
Qxd4 27. Rg7 Bf4+ 28. Kb1 a3 29. Rxd7+ Qxd7 30. Qxd7+ Kxd7 31. bxa3 Bxh2 32.
Kc1 Bg1 33. Kd1 Bxf2 34. a4 Kc7 35. Ke2 Bc5 36. Kf3 Kb6 37. Bc4 Ka5 38. Bb3 Kb4
39. Ke4 Bf8 40. Ke5 b5 41. axb5 cxb5 42. Kd5 Be7 43. Kc6 Bf8 44. Kb6 Bc5+ 45.
Ka6 Be3 46. Bd5 Bd4 47. Bc6 Ka3 48. Bxb5 Kxa2 49. c4 Kb3 50. Kb7 Kb4 51. Kc6
Bc5 52. Kd5 Bf8 53. Bc6 Bc5 54. Bd7 Bg1 55. Be6 Bc5 56. Bd7 Bg1 57. Be6 Bf2 58.
Bd7 Bg1 {Normal} 1/2-1/2

[Event "Rated Blitz tournament mTueoK4Q"]
[Site "?"]
[Date "2021.11.16"]
[Round "?"]
[White "liordis31"]
[Black "perdereforever"]
[Result "1-0"]
[WhiteElo "2632"]
[BlackElo "2293"]
[PlyCount "75"]
[EventDate "2021.??.??"]
[EventType "blitz"]

1. e4 e5 2. Nf3 d5 3. exd5 e4 4. Ne5 Bd6 5. d4 exd3 6. Nxd3 Nf6 7. c4 O-O 8.
Be2 Re8 9. O-O Bf5 10. Nc3 Nbd7 11. Bg5 b6 12. Bh4 h6 13. Bg3 Ne5 14. Nxe5 Bxe5
15. Bxe5 Rxe5 16. Bf3 Qe7 17. Qd2 Re8 18. a3 Qc5 19. b3 Ne4 20. Bxe4 Bxe4 21.
Rfe1 Bg6 22. Rxe5 Rxe5 23. Nb5 a6 24. Nd4 Re4 25. Nf3 b5 26. cxb5 Qxb5 27. b4
Rc4 28. h3 Rc2 29. Qd4 a5 30. bxa5 Qxa5 31. a4 Rc3 32. Ne5 Bf5 33. Nc6 Qc5 34.
Qxc5 Rxc5 35. Ne7+ Kh7 36. Nxf5 Rxd5 37. a5 Rxf5 38. a6 {Normal} 1-0

[Event "Rated Blitz game"]
[Site "?"]
[Date "2021.11.16"]
[Round "?"]
[White "Vlad_chess_2420"]
[Black "Fletov"]
[Result "1/2-1/2"]
[WhiteElo "2401"]
[BlackElo "2366"]
[PlyCount "49"]
[EventDate "2021.??.??"]
[EventType "blitz"]

1. e4 e5 2. Nf3 d5 3. Nxe5 Bd6 4. d4 dxe4 5. Bc4 Bxe5 6. dxe5 Qxd1+ 7. Kxd1 Ne7
8. Nc3 Bf5 9. Re1 Nbc6 10. Bb5 O-O-O+ 11. Bd2 Nxe5 12. Nxe4 a6 13. Ba4 Nc4 14.
Kc1 Bxe4 15. Rxe4 Rxd2 16. Rxc4 Rxf2 17. Rd4 Nf5 18. Bd7+ Kb8 19. Bxf5 Rxf5 20.
c3 Rf1+ 21. Rd1 Rf2 22. Rd2 Rf1+ 23. Rd1 Rf2 24. Rd2 Rf1+ 25. Rd1 {Normal}
1/2-1/2

[Event "Rated Blitz game"]
[Site "?"]
[Date "2021.11.16"]
[Round "?"]
[White "simplesimpson03"]
[Black "DOOGE228"]
[Result "1/2-1/2"]
[WhiteElo "2470"]
[BlackElo "2443"]
[PlyCount "126"]
[EventDate "2021.??.??"]
[EventType "blitz"]

1. e4 e5 2. Nf3 d5 3. exd5 e4 4. Qe2 Nf6 5. d3 Qxd5 6. Nc3 Bb4 7. dxe4 Qxe4 8.
Be3 Bxc3+ 9. bxc3 O-O 10. Qd2 Qe7 11. Bd3 Bg4 12. Nd4 c5 13. Nf5 Qe6 14. Ng3 c4
15. Be2 Nc6 16. O-O Rad8 17. Qe1 h5 18. h3 h4 19. Bxg4 Nxg4 20. Nh5 Nxe3 21.
fxe3 Rfe8 22. Qxh4 Qxe3+ 23. Kh1 Re4 24. Rf4 Rxf4 25. Nxf4 Qxc3 26. Rf1 Qf6 27.
Qxf6 gxf6 28. Nh5 Rd2 29. Nxf6+ Kg7 30. Nh5+ Kf8 31. h4 Rxc2 32. Nf4 Rxa2 33.
h5 Kg7 34. Kh2 Ne5 35. Kh3 c3 36. g4 c2 37. Rc1 Ra4 38. Kg3 Rxf4 39. Kxf4 Nd3+
40. Ke3 Nxc1 41. Kd2 Nd3 42. Kxc2 Ne5 43. g5 Nf3 44. g6 fxg6 45. hxg6 Kxg6 46.
Kb3 Kf6 47. Kc4 Ke6 48. Kd3 Ne5+ 49. Ke4 Kd6 50. Ke3 Kc5 51. Ke4 b5 52. Kxe5 b4
53. Ke4 b3 54. Kd3 b2 55. Kc2 Kb4 56. Kxb2 Ka4 57. Ka2 Kb4 58. Kb1 Ka3 59. Ka1
a5 60. Kb1 Kb3 61. Ka1 a4 62. Kb1 a3 63. Ka1 a2 {Normal} 1/2-1/2

[Event "Rated Blitz tournament GkQ0n31A"]
[Site "?"]
[Date "2021.11.16"]
[Round "?"]
[White "AC_ADMIN"]
[Black "cuerosky"]
[Result "0-1"]
[WhiteElo "2429"]
[BlackElo "2307"]
[PlyCount "170"]
[EventDate "2021.??.??"]
[EventType "blitz"]

1. e4 e5 2. Nf3 d5 3. Nc3 dxe4 4. Nxe4 Nf6 5. Nxf6+ Qxf6 6. d3 h6 7. Be2 Nc6 8.
O-O Bd6 9. h3 Bf5 10. Nd2 O-O-O 11. Bf3 Nd4 12. Be4 Qg6 13. c3 Ne6 14. Qb3 Nc5
15. Qc4 Be7 16. b4 Nxd3 17. Bxf5+ Qxf5 18. Ne4 Nxc1 19. Raxc1 Qe6 20. Qxe6+
fxe6 21. Rfe1 Rhf8 22. Rc2 Rd3 23. Re3 Rfd8 24. Rxd3 Rxd3 25. Kf1 b6 26. b5 Kb7
27. Ke2 Rd8 28. c4 c6 29. a4 cxb5 30. cxb5 Rd4 31. Nc3 Bb4 32. Nd1 Bc5 33. Nb2
Re4+ 34. Kf1 a6 35. Nc4 axb5 36. axb5 Rd4 37. Ke2 e4 38. g4 Kc7 39. Ne5 Rb4 40.
Rc4 Kd6 41. Rxb4 Bxb4 42. Nf7+ Kc5 43. Nd8 Kxb5 44. Nxe6 Bc3 45. Ke3 Kc4 46.
Kxe4 b5 47. Nc7 b4 48. Nd5 b3 49. Ne3+ Kb4 50. Nd1 b2 51. Nxb2 Bxb2 52. f4 Kc4
53. Kf5 Kc5 54. Kg6 Kd5 55. g5 hxg5 56. fxg5 Ke6 57. h4 Ke7 58. h5 Kf8 59. Kh7
Bc1 60. h6 gxh6 61. gxh6 Kf7 62. Kh8 Bb2+ 63. Kh7 Kf8 64. Kg6 Kg8 65. h7+ Kh8
66. Kh5 Bc3 67. Kg4 Kg7 68. Kf5 Kh8 69. Ke4 Bd2 70. Kf3 Bh6 71. Ke4 Bg7 72. Kf5
Bf8 73. Kg4 Be7 74. Kf3 Bd6 75. Ke4 Bc5 76. Kf5 Bb4 77. Ke6 Ba3 78. Kd5 Bb2 79.
Ke4 Ba1 80. Kf5 Bg7 81. Ke6 Bh6 82. Kd5 Bg5 83. Kc4 Bh4 84. Kb5 Bg3 85. Kc6 Bh2
{Time forfeit} 0-1